000 01152nam a2200241Ia 4500
003 Ost
005 20260416102352.0
008 260416s9999||||xx |||||||||||||| ||und||
040 _cfsecg
041 _aara
082 _a332
100 _aحنيش، أحمد
_eمؤلف
245 0 _aمحاضرات في مقياس المالية العامة /
_c أحمد حنيش
260 _aالجزائر
_bجامعة الجزائر3: كلية العلوم الإقتصادية، العلوم التجارية وعلوم التسيير
_c2017
300 _a110 ورقة
_bايضاحات
_c30 سم
504 _aمراجع ص.109
520 _aنشأة وتطور المالية العامة وعلاقتها بالعلوم الأخرى، النفقات العامة، الايرادات العامة، الموازنة العامة للدولة
653 _aالايرادات والنفقات
653 _aالمالية العامة
653 _aالميزانية
710 _aجامعة الجزائر3: كلية العلوم الإقتصادية، العلوم التجارية وعلوم التسيير
_eناشر علمي
942 _cHANDOUT
999 _c41046
_d41046